000 00780nam0a22002651 4500
001 rc\4423513
005 20250612080722.0
021 _aRU
_b[63-68976]
035 _a(NLR Aleph) 008571766
090 _a8530005
_c8530005
100 _a20130416d1963 |||y0rusy50 ca
101 0 _arus
102 _aRU
105 _aa g |||||
200 1 _aКарманный справочник туриста
210 _a[Москва]
_cПрофиздат
_d1963
215 _a207 с.
_cил.
_d16
300 _aАвт.-сост. указан на обороте тит. л.
606 _aТуризм
_jСправочники
_2psbo
700 1 _aЗлацен
_bМ.
_4220
801 0 _aRU
_bNLR
_gpsbo
801 1 _aRU
_bELAR
_2rusmarc
852 _aNLR
_j63-2/2873
942 _cBOOK
980 _aNB